00402 2200157 4500001002100000005001500021035001900036245004300055100001800098300003600116260004600152082000700198084001300205022001200218990001400230INLIS00000000000151220250204105113$a 0010-0225000001$a Saat maxiem bermimpi /$c Bhakti Karyono$a Bhakti Karyono$a 50 hlm : $b ilus ; $c 21.27.5 cm$a Jakarta :$b PT Kuart Internasional,$c 2025$a 050$a 050 BHA s$a 16939964$a MK001/2025